Outline of Veterinary Clinical Pathology (Record no. 16445)

000 -LEADER
fixed length control field 00643nam a22002297a 4500
003 - CONTROL NUMBER IDENTIFIER
control field OSt
005 - DATE AND TIME OF LATEST TRANSACTION
control field 20170105103440.0
008 - FIXED-LENGTH DATA ELEMENTS--GENERAL INFORMATION
fixed length control field 120315t xxu||||| |||| 00| 0 eng d
020 ## - INTERNATIONAL STANDARD BOOK NUMBER
International Standard Book Number 8170966434
040 ## - CATALOGING SOURCE
Original cataloging agency ASAB
Transcribing agency ASAB
050 ## - LIBRARY OF CONGRESS CALL NUMBER
Classification number 636.089
100 ## - MAIN ENTRY--PERSONAL NAME
Personal name Maxine m . Benjamin
9 (RLIN) 49
245 ## - TITLE STATEMENT
Title Outline of Veterinary Clinical Pathology
Medium Maxine M Benjamin
260 ## - PUBLICATION, DISTRIBUTION, ETC.
Place of publication, distribution, etc. New Delhi
Name of publisher, distributor, etc. Kalyani Publishers
Date of publication, distribution, etc. 2005
300 ## - PHYSICAL DESCRIPTION
Extent 351
440 ## - SERIES STATEMENT/ADDED ENTRY--TITLE
Title Outline of Veterinary clinical Pathology
9 (RLIN) 50
600 ## - SUBJECT ADDED ENTRY--PERSONAL NAME
Personal name Maxine M Benjamin
9 (RLIN) 51
650 ## - SUBJECT ADDED ENTRY--TOPICAL TERM
Topical term or geographic name entry element Veterinary , Pathology
9 (RLIN) 52
700 ## - ADDED ENTRY--PERSONAL NAME
Personal name Maxine M Benjamin
9 (RLIN) 53
710 ## - ADDED ENTRY--CORPORATE NAME
Corporate name or jurisdiction name as entry element ASAB
9 (RLIN) 54
942 ## - ADDED ENTRY ELEMENTS (KOHA)
Source of classification or shelving scheme
Koha item type Book
Holdings
Withdrawn status Lost status Source of classification or shelving scheme Damaged status Not for loan Permanent Location Current Location Date acquired Total Checkouts Full call number Barcode Date last seen Date last checked out Price effective from Koha item type
          Atta-ur-Rahman School of Applied Biosciences (ASAB) Atta-ur-Rahman School of Applied Biosciences (ASAB) 03/15/2012 1 636.089 ASAB658 11/07/2022 11/03/2022 03/15/2012 Book
© 2023 Central Library, National University of Sciences and Technology. All Rights Reserved.